Movies Quiz

Random Movies or Disney Quiz

Disney Movie By Non-Talking Animal Quiz Stats

 Plays Quiz Updated Oct 28, 2017

Score 0/20 Timer 05:00
3 Plays Today
% Correct
Aladdin
89.1%
Cinderella
84.5%
Snow White and the Seven Dwarfs
83.2%
The Lion King
79%
Mulan
72.2%
Peter Pan
71.5%
The Little Mermaid
69.1%
Pocahontas
64.9%
The Hunchback of Notre Dame
64.8%
Sleeping Beauty
64%
% Correct
Pinocchio
62%
Beauty and the Beast
60.8%
One Hundred and One Dalmatians
58.7%
Bambi
57.3%
Lady and the Tramp
47.6%
The Rescuers
44.3%
Alice in Wonderland
41%
Hercules
39%
The Sword in the Stone
35.1%
The Fox and the Hound
30.8%

You're not logged in!

Compare scores with friends on all Sporcle quizzes.
OR
Log In

Show Comments

Extras

Top Quizzes Today


Score Distribution

Your Account Isn't Verified!

In order to create a playlist on Sporcle, you need to verify the email address you used during registration. Go to your Sporcle Settings to finish the process.

Report this User

Report this user for behavior that violates our Community Guidelines.

Details: